000 00761 a2200241 4500
003 OSt
005 20180116192356.0
008 120612t xxu||||| |||| 00| 0 eng d
010 _a 95060479
020 _a0500016704
020 _a9780500278758
035 _a(OCoLC)34630975
040 _c0
082 0 0 _a746.958
100 1 _aHarvey, Janet.
_94449
245 1 0 _aTraditional textiles of central Asia /
_cJanet Harvey.
260 _aNew York, N.Y. :
_bThames and Hudson,
_c1996.
300 _a160 p. :
_bill. (some col.) ;
_c31 cm.
650 1 0 _aTextile fabrics
_zAsia, Central.
_94450
650 1 0 _aTextile design
_zAsia, Central.
_94451
942 _aSADA
_cBK
_k746.958 HAR 1996
_2ddc
999 _c353113
_d353113